Chuyện cũ Hà Nội

Na minha lista:
Detalhes bibliográficos
Autor principal: Tô Hoài
Formato: Livro
Idioma:Undetermined
Publicado em: Hà Nội Nxb. Hà Nội 2000
Assuntos:
Tags: Adicionar Tag
Sem tags, seja o primeiro a adicionar uma tag!
Thư viện lưu trữ: Trung tâm Học liệu Trường Đại học Cần Thơ
LEADER 00490nam a2200169Ia 4500
001 CTU_35903
008 210402s9999 xx 000 0 und d
082 |a 895.922331 
082 |b T450c 
100 |a Tô Hoài 
245 0 |a Chuyện cũ Hà Nội 
245 0 |c Tô Hoài 
260 |a Hà Nội 
260 |b Nxb. Hà Nội 
260 |c 2000 
650 |a vietnamese fiction,vietnamese literature - 20th century 
980 |a Trung tâm Học liệu Trường Đại học Cần Thơ